Central Library OPAC University of Rajshahi

বাংলাদেশে গণতান্ত্রিক ব্যবস্থার কার্যকারিতা (১৯৯১-২০০৬) : (Record no. 84119)

MARC details
000 -LEADER
fixed length control field 01705nam a2200265 a 4500
001 - CONTROL NUMBER
RUCL Control Number 84119
003 - CONTROL NUMBER IDENTIFIER
rucl marc code BD-RjUL
005 - DATE AND TIME OF LATEST TRANSACTION
control field 20241017123110.0
008 - FIXED-LENGTH DATA ELEMENTS--GENERAL INFORMATION
fixed length control field 241017s2018 bg a|||| m||| 00| 0 ben d
035 ## - SYSTEM CONTROL NUMBER
system control number (BD-RjUL)84119
040 ## - CATALOGING SOURCE
Original cataloging agency BD-RjUL
Language of cataloging ben / eng
Transcribing agency BD-RjUL
Modifying agency BD-RjUL
041 ## - LANGUAGE CODE
Language code of Book ben
082 ## - DEWEY DECIMAL CLASSIFICATION NUMBER
DDC Edition number 23
Classification number 321.8095492
Author mark and Year BAB 2018
100 ## - MAIN ENTRY--PERSONAL NAME
Personal name বানু, শামিমা আকতার
9 (RLIN) 9232
245 10 - TITLE STATEMENT
Title বাংলাদেশে গণতান্ত্রিক ব্যবস্থার কার্যকারিতা (১৯৯১-২০০৬) :
Remainder of title একটি পর্যালোচনা /
Statement of responsibility, etc গবেষক শামিমা আকতার বানু ;
Name of Supervisor/Co-Supervisor সুপারভাইজার : এম. আমিনুর রহমান
246 ## - VARYING FORM OF TITLE
Title proper/short title Effectiveness of Democratic System in Bangladesh (1991-2006) :
Remainder of title A Review /
260 ## - PUBLICATION, DISTRIBUTION, ETC. (IMPRINT)
Place of publication, distribution, etc রাজশাহী :
Name of publisher, distributor, etc রাষ্ট্রবিজ্ঞান বিভাগ, রাজশাহী বিশ্ববিদ্যালয়,
Date of publication, distribution, etc ২০১৮
300 ## - PHYSICAL DESCRIPTION
Pagination xxii, ২০১ পাতা :
Other physical details চিত্র ;
Dimensions ২৯ সেমি.
502 ## - DISSERTATION NOTE
Dissertation note থিসিস (পিএইচ. ডি.) -- রাষ্ট্রবিজ্ঞান বিভাগ, রাজশাহী বিশ্ববিদ্যালয়, ২০১৮
504 ## - BIBLIOGRAPHY, ETC. NOTE
Bibliography, etc সহায়ক গ্রন্থপঞ্জি : পাতা ১৬৯-২০১
650 ## - SUBJECT ADDED ENTRY--TOPICAL TERM
Topical term or geographic name as entry element গণতান্ত্রিক সরকার
Form subdivision বাংলাদেশ
9 (RLIN) 13821
Topical term or geographic name as entry element Democratic Government
Geographic subdivision Bangladesh
9 (RLIN) 13822
700 ## - ADDED ENTRY--SUPERVISOR/CO-SUPERVISOR NAME
Personal name রহমান, এম. আমিনুর, সুপারভাইজার
9 (RLIN) 13823
942 ## - ADDED ENTRY ELEMENTS (KOHA)
Source of classification or shelving scheme Dewey Decimal Classification
Koha item type Theses
Holdings
Source of classification or shelving scheme Damaged status Not for loan Collection code Permanent Location Current Location Shelving location Date of accession Source of acquisition Total Checkouts Full call number Barcode Date last seen Copy number Thesis
Dewey Decimal Classification   Not For Loan Theses Central Library, University of Rajshahi Central Library, University of Rajshahi Documentation Section 14/02/2023 Controller of Exam. R.U.   THE 321.8095492 BAB 2018 D4643 17/10/2024 C-I Theses